<?xml version="1.0" encoding="UTF-8"?><?xml-stylesheet type="text/xsl" href="static/style.xsl"?><OAI-PMH xmlns="http://www.openarchives.org/OAI/2.0/" xmlns:xsi="http://www.w3.org/2001/XMLSchema-instance" xsi:schemaLocation="http://www.openarchives.org/OAI/2.0/ http://www.openarchives.org/OAI/2.0/OAI-PMH.xsd"><responseDate>2026-04-17T23:08:56Z</responseDate><request verb="GetRecord" identifier="oai:www.recercat.cat:10459.1/47369" metadataPrefix="marc">https://recercat.cat/oai/request</request><GetRecord><record><header><identifier>oai:recercat.cat:10459.1/47369</identifier><datestamp>2024-12-05T21:26:11Z</datestamp><setSpec>com_2072_3622</setSpec><setSpec>col_2072_479130</setSpec></header><metadata><record xmlns="http://www.loc.gov/MARC21/slim" xmlns:dcterms="http://purl.org/dc/terms/" xmlns:xsi="http://www.w3.org/2001/XMLSchema-instance" xmlns:doc="http://www.lyncode.com/xoai" xsi:schemaLocation="http://www.loc.gov/MARC21/slim http://www.loc.gov/standards/marcxml/schema/MARC21slim.xsd">
   <leader>00925njm 22002777a 4500</leader>
   <datafield ind2=" " ind1=" " tag="042">
      <subfield code="a">dc</subfield>
   </datafield>
   <datafield ind2=" " ind1=" " tag="720">
      <subfield code="a">Chito Trujillo, Diana Maria</subfield>
      <subfield code="e">author</subfield>
   </datafield>
   <datafield ind2=" " ind1=" " tag="720">
      <subfield code="a">Galceran i Nogués, Josep</subfield>
      <subfield code="e">author</subfield>
   </datafield>
   <datafield ind2=" " ind1=" " tag="720">
      <subfield code="a">Companys Ferran, Encarnació</subfield>
      <subfield code="e">author</subfield>
   </datafield>
   <datafield ind2=" " ind1=" " tag="720">
      <subfield code="a">Puy Llorens, Jaume</subfield>
      <subfield code="e">author</subfield>
   </datafield>
   <datafield ind2=" " ind1=" " tag="260">
      <subfield code="c">2014-07-04T10:32:57Z</subfield>
   </datafield>
   <datafield ind2=" " ind1=" " tag="260">
      <subfield code="c">2014-07-04T10:32:57Z</subfield>
   </datafield>
   <datafield ind2=" " ind1=" " tag="260">
      <subfield code="c">2025-01-01</subfield>
   </datafield>
   <datafield ind2=" " ind1=" " tag="260">
      <subfield code="c">2013-02-06</subfield>
   </datafield>
   <datafield ind2=" " ind1=" " tag="260">
      <subfield code="c">2014-07-04T10:32:57Z</subfield>
   </datafield>
   <datafield ind2=" " ind1=" " tag="520">
      <subfield code="a">The complexing capacity of synthetic (0.011 M tartrate in 13.5% ethanol) and real wine (Raimat Abadia) in titrations with added total Zn concentrations up to 0.03 M has been determined following the free Zn concentrations with AGNES (absence of gradients and Nernstian equilibrium stripping) technique. A correction to find the preconcentration factor or gain (Y1) really applied at each one of the ionic strengths reached due to Zn additions along the titration has been applied. The standard implementation of AGNES to real wine led to the observation of two anomalous behaviors: (a) an increasingly negative current in the deposition stage (labeled as “HER” effect) and (b) a minimum in the currents of the stripping stage plot (labeled as the “dip” effect). A practical strategy to apply AGNES avoiding the dip effect has been developed to quantify properly free Zn concentrations. The van den Berg–Ružic–Lee linearization method (assuming the existence of just 1:1 complexes) has been adapted to consider the dilution effect and the ionic strength changes. Aggregated stability constants and total ligand concentrations have been calculated from synthetic and wine titration data. The found complexing capacity in the studied wine (cT,L = 0.0179 ± 0.0007 M) indicates the contribution of ligands other than tartrate (which is confirmed to be the main one).</subfield>
   </datafield>
   <datafield ind1="8" ind2=" " tag="024">
      <subfield code="a">http://hdl.handle.net/10459.1/47369</subfield>
   </datafield>
   <datafield tag="653" ind2=" " ind1=" ">
      <subfield code="a">AGNES</subfield>
   </datafield>
   <datafield tag="653" ind2=" " ind1=" ">
      <subfield code="a">Zinc</subfield>
   </datafield>
   <datafield tag="653" ind2=" " ind1=" ">
      <subfield code="a">Free metal</subfield>
   </datafield>
   <datafield tag="653" ind2=" " ind1=" ">
      <subfield code="a">Wine</subfield>
   </datafield>
   <datafield ind2="0" ind1="0" tag="245">
      <subfield code="a">Determination of the complexing capacity of synthetic and real wine for Zn using Absence of Gradients and Nerstian Equilibrium Stripping technique</subfield>
   </datafield>
</record></metadata></record></GetRecord></OAI-PMH>